000 00839nam a2200277Ia 4500
003 OSt
005 20220924115059.0
006 a|||||r|||| 00| 0
007 ta
008 220923b |||||||| |||| 00| 0 tel d
020 _a0333 93186 6 (pbk)
024 _a235718
037 _cTextual
040 _aARTS
_cARTS
_btel
041 _2tel
_atel
082 _aO35,3N46,AA, 111N8
100 _aReddy Kesava
_9176664
245 0 _aHe conquered the jungle tr by C L L Jayaprada
260 _aChennai
_bMacmillan India
_c1998
300 _axiii,65p.
_ccm.
490 _aMacmillan modern Indian novels in translation
650 _aTELUGU LITERATURE
700 _a Jayaprada C L L Tr.
_9176665
942 _hO35,3N46,AA, 111N8
_cTEXL
_2CC
999 _c396646
_d396646